LEADER 03319nam 2200517 450 001 9910460944503321 005 20210825142253.0 010 $a1-4963-2558-3 035 $a(CKB)3710000000458114 035 $a(SSID)ssj0001529836 035 $a(PQKBManifestationID)12614652 035 $a(PQKBTitleCode)TC0001529836 035 $a(PQKBWorkID)11523573 035 $a(PQKB)10326098 035 $a(MiAaPQ)EBC4786270 035 $a(EXLCZ)993710000000458114 100 $a20150504h20162016 uy| 0 101 0 $aeng 135 $aurcnu|||||||| 181 $ctxt 182 $cc 183 $acr 200 00$aAdvances in surgical pathology$iBladder cancer /$f[edited by] Qihui "Jim" Zhai [and three others] 210 1$aPhiladelphia :$cWolters Kluwer,$d[2016] 210 4$d©2016 215 $a1 online resource (568 pages) $cillustrations 225 1 $aAdvances in surgical pathology series 300 $aBibliographic Level Mode of Issuance: Monograph 311 $a1-4511-9288-6 320 $aIncludes bibliographical references and index. 327 $aEpidemiology and demographics of bladder cancer / Winston Tan -- Surgical considerations / Paul Young -- Radiation oncologists and bladder cancer patient care / Katherine Tzou, Steven Buskirk -- Normal histology and anatomy of urinary bladder and benign mimickers / Mukul K. Divatia, Sanghui Park, Jae Y. Ro -- Papillary urothelial lesions / Jennifer Merrimen, John Srigley -- Flat urothelial lesions / Carmen Perrino, Antonio Lopez-Beltran, Rodolfo Montironi, Robert E. Emerson, Liang Cheng -- Diagnosis of invasion and determination of the depth of invasion / Steven Christopher Smith and Mahul B. Amin -- Morphological variants of invasive urothelial carcinoma / Jim Zhai -- Urothelial pathology following therapy and procedure / Weisheng Xu, Gu?liz A. Barkan, Ming Zhou -- Adenocarcinoma / Charles Guo -- Squamous cell carcinoma of the urinary bladder and its variants / Kosuke Miyai, Mukul K. Divatia, Hussam Abu-Farsakh, Jae Y. Ro -- Neuroendocrine tumors / David Grignon -- Mesenchymal lesions of the urinary bladder / P. Rao and P. Tamboli -- Diagnostic immunohistochemistry / Qihui "Jim" Zhai -- Urine cytology : correlation with bladder biopsy / Aziza Nassar, Jordan P. Reynolds, Jun Zhang -- Urovysion for the detection of bladder cancer / Kevin C. Halling and Benjamin R. Kipp -- Current imaging techniques for the diagnosis, correlation with pathology and staging of bladder cancer / Sadhna Verma -- Molecular pathology of urinary bladder neoplasms / Ikjot Bhutani, Huaitao Yang, Richard W. Joseph, Sreeharsha Masineni -- Handling of radical cystectomy specimens / Mukul K. Divatia, Alberto G. Ayala, Jae Y. Ro -- Bladder cancer staging and reporting / Gabriela Quiroga-Garza, Mukul K. Divatia, Jae Y. Ro. 410 0$aAdvances in surgical pathology series. 606 $aBladder$xTumors$xPathophysiology 606 $aBladder$xTumors$xSurgery 608 $aElectronic books. 615 0$aBladder$xTumors$xPathophysiology. 615 0$aBladder$xTumors$xSurgery. 676 $a616.99/462 702 $aZhai$b Qihui "Jim" 801 0$bMiAaPQ 801 1$bMiAaPQ 801 2$bMiAaPQ 906 $aBOOK 912 $a9910460944503321 996 $aAdvances in surgical pathology$92482877 997 $aUNINA LEADER 01195nam a22002891i 4500 001 991001111039707536 005 20040304081254.0 008 040318s1979 it |||||||||||||||||ita 035 $ab12719651-39ule_inst 035 $aARCHE-070391$9ExL 040 $aDip.to Filosofia$bita$cA.t.i. Arché s.c.r.l. Pandora Sicilia s.r.l. 082 04$a371 100 1 $aRobinsohn, Saul B.$0445797 245 10$aCurricula scolastici, fondamento di ogni riforma :$bdifesa delle competenze contro spontaneismo e burocratismo /$cSaul B. Robinsohn 260 $aRoma :$bA. Armando,$c[1979] 300 $a134 p. ;$c20 cm 440 0$aEducazione comparata e pedagogie 500 $aTrad. P. Massimi 650 4$aScuola$xProgrammi 700 1 $aMassimi, Paolo 765 0 $tBildungsreform als Revision des Curriculum und ein Strukturkonzept fur Curriculumentwicklung 907 $a.b12719651$b02-04-14$c31-03-04 912 $a991001111039707536 945 $aLE005 MF 24 L 19$g1$iLE005MF-15823$lle005$o-$pE0.00$q-$rl$s- $t0$u0$v0$w0$x0$y.i13244553$z31-03-04 996 $aCurricula scolastici, fondamento di ogni riforma$9270449 997 $aUNISALENTO 998 $ale005$b31-03-04$cm$da $e-$fita$git $h0$i1